| Tag |
First Indicator |
Second Indicator |
Subfields |
| LEADER |
00000pam a22000004a 4500 |
| 001 |
in00002085331 |
| 005 |
20151102161501.0 |
| 008 |
050603s2006 flua b 001 0 eng |
| 010 |
|
|
|a 2005048304
|
| 020 |
|
|
|a 0849334101 (alk. paper)
|
| 024 |
3 |
|
|a 9780849334108
|
| 035 |
|
|
|a (OCoLC)ocm60589149
|
| 040 |
|
|
|a DLC
|c DLC
|d BAKER
|d C#P
|d UtOrBLW
|
| 042 |
|
|
|a pcc
|
| 049 |
|
|
|a TXAM
|
| 050 |
0 |
0 |
|a QA76.76.D47
|b T396 2006
|
| 082 |
0 |
0 |
|a 005.1
|2 22
|
| 100 |
1 |
|
|a Tayntor, Christine B.
|
| 245 |
1 |
0 |
|a Successful packaged software implementation /
|c by Christine B. Tayntor.
|
| 264 |
|
1 |
|a Boca Raton :
|b Auerbach Publications,
|c 2006.
|
| 300 |
|
|
|a xxi, 313 pages :
|b illustrations ;
|c 24 cm.
|
| 336 |
|
|
|a text
|b txt
|2 rdacontent
|
| 337 |
|
|
|a unmediated
|b n
|2 rdamedia
|
| 338 |
|
|
|a volume
|b nc
|2 rdacarrier
|
| 504 |
|
|
|a Includes bibliographical references and index.
|
| 650 |
|
0 |
|a Computer software
|x Development.
|
| 650 |
|
0 |
|a Information technology.
|
| 994 |
|
|
|a C0
|b TXA
|
| 948 |
|
|
|a cataloged
|b h
|c 2006/1/30
|d c
|e bwalker
|f 11:41:46 am
|
| 999 |
|
|
|a MARS
|
| 999 |
f |
f |
|s 445b797f-1938-3245-b9f9-acd845e8da60
|i d2006e59-05a8-3667-9f98-d411d7361e44
|t 0
|
| 952 |
f |
f |
|p ric
|a Texas A&M University
|b Rellis Campus
|c Joint Library Facility
|d Remote Storage
|t 0
|e QA76.76.D47 T396 2006
|h Library of Congress classification
|i unmediated -- volume
|m A14829961898
|
| 998 |
f |
f |
|a QA76.76.D47 T396 2006
|t 0
|l Remote Storage
|